Built to last? (Record no. 77387)

MARC details
000 -LEADER
fixed length control field 00895cab a2200205 4500
001 - CONTROL NUMBER
control field ##L134140
008 - FIXED-LENGTH DATA ELEMENTS--GENERAL INFORMATION
fixed length control field 060713n2006 000 0 eng u
035 ## - SYSTEM CONTROL NUMBER
System control number (Sirsi) u134140
041 0# - LANGUAGE CODE
Language code of text/sound track or separate title eng
100 1# - MAIN ENTRY--PERSONAL NAME
Personal name Sibert, Dave
245 00 - TITLE STATEMENT
Title Built to last?
260 ## - PUBLICATION, DISTRIBUTION, ETC.
Date of publication, distribution, etc. 2006
490 #0 - SERIES STATEMENT
Series statement Fire Prevention and Fire Engineers Journal
Volume/sequential designation 66(270) July 2006, 45-47(3)
520 ## - SUMMARY, ETC.
Summary, etc. Reports on LPS 2020, a new certification standard for innovative building systems. It sets out a number of characteristics which a building must satisfy, and also lists events against which manufacturers must consider their designs before they can achieve LPS 2020 standard. These include methodologies for repairing damage caused by leaks, flood, explosion or fire.
590 ## - LOCAL NOTE (RLIN)
Local note IKA180706
650 24 - SUBJECT ADDED ENTRY--TOPICAL TERM
Topical term or geographic name entry element LPS 2020: 2006
651 #4 - SUBJECT ADDED ENTRY--GEOGRAPHIC NAME
Geographic name United Kingdom
Chronological subdivision
690 ## - LOCAL SUBJECT ADDED ENTRY--TOPICAL TERM (OCLC, RLIN)
Topical term or geographic name as entry element BUILT ENVIRONMENT-BUILDING STANDARDS
942 ## - ADDED ENTRY ELEMENTS (KOHA)
Suppress in OPAC 0
Holdings
Withdrawn status Lost status Source of classification or shelving scheme Damaged status Not for loan Home library Current library Shelving location Date acquired Total Checkouts Full call number Barcode Date last seen Copy number Price effective from Koha item type
    Dewey Decimal Classification     London London Journal article 13/07/2006   L134140 134140-1001 06/08/2019 1 06/08/2019 Journal article